000
00288nam a2200121Ia 4500
082
_a
620.103
_b
TAY
100
_a
Tayal,A.K
245
_a
Engineering mechanics statics and dynamics
250
_a
14th Ed.
260
_b
Umesh Publications
_a
N.Delhi
_c
2011
300
_a
671p.
942
_2
ddc
_c
BK
999
_c
5285
_d
5285